College Quizbowl Stats
College Quizbowl Stats
Circuits
Seasons
Sets
Records
Detailed Stats
About
Loading...
2023 Penn Bowl @ Waterloo
Tossups
Bonuses
Players
Teams
Categories (Tossup)
Categories (Bonus)
Prabhjot Chopra
Waterloo Hatsune
Categories
Category
Powers
Gets
Negs
BBs
Points
Earliest Buzz
Avg. Buzz
First Buzzes
Top 3 Buzzes
Social Science
0
1
0
1
10
122
122.00
0
1
History - Other History
0
0
0
0
0
0.00
0
0
Religion
0
0
0
0
0
0.00
0
0
Fine Arts - Other Fine Arts
0
0
1
0
-5
0.00
0
0
Buzzes
Category
Answer
Value
Buzz Position
Religion
Salafi
0
114
Fine Arts - Other Fine Arts
Sonny Rollins
-5
115
Social Science
bipolar disorder
10
122
History - Other History
Victoria
0
131
Previous
1
Next